[Event "Toledo"]
[Site "Toledo"]
[Date "1991.??.??"]
[Round "6"]
[White "De la Riva Aguado, Oscar"]
[Black "Gomez Esteban, Juan Mario"]
[Result "0-1"]
[WhiteElo "2360"]
[BlackElo "2400"]
[Annotator "Horn,Pe"]
[PlyCount "68"]
[EventDate "1991.02.??"]
[EventType "tourn"]
[EventRounds "9"]
[EventCountry "ESP"]
[EventCategory "8"]
[SourceTitle "CBM 022"]
[Source "ChessBase"]
[SourceDate "1991.06.01"]
[SourceVersion "1"]
[SourceVersionDate "1991.06.01"]
[SourceQuality "1"]

1. Nf3 c5 2. g3 Nc6 3. Bg2 d5 4. O-O e5 5. d3 Be7 6. Nbd2 Nf6 7. e4 O-O 8. exd5
{Möglicherweise etwas verfrüht.} (8. c3 Re8 9. exd5 Nxd5 10. Re1 Bf8 11. Nc4 f6
$13) 8... Nxd5 9. Nc4 f6 10. a4 (10. c3 $5) 10... Kh8 $1 {Derselbe Plan wie in
Todorcevic-Kortschnoj (Pamplona 1990, CBM21).} 11. c3 Bg4 12. a5 (12. h3 $5 $10
) 12... Qd7 13. Qa4 Rab8 14. Re1 Rfd8 15. Nfd2 (15. Ne3 Nxe3 16. Bxe3 Bxf3 17.
Bxf3 Qxd3 18. Rad1 Qf5 19. Bxc6 bxc6 20. Qxc6) (15. Be3 $10) 15... Bh3 16. Bh1
$2 (16. Be4 $1 $13) 16... Nf4 $1 $19 17. Ne4 (17. gxf4 Qg4+ 18. Bg2 Qxg2#)
17... Nxd3 18. Rd1 Nxc1 $1 19. Rdxc1 (19. Rxd7 Ne2#) 19... f5 20. Rd1 Qe6 21.
Ned2 e4 22. Qb5 a6 23. Qb6 Bg5 24. Qxc5 Rd5 25. Qb6 Rbd8 26. Qb3 Rd3 27. Re1
Nd4 28. Qa4 Bxd2 29. Nxd2 Rxd2 30. cxd4 R8xd4 31. Qa3 h6 32. Rac1 Kh7 33. Qc5
Rd5 34. Qc4 Qe5 0-1

[Event "Najdorf Memorial 8th"]
[Site "Buenos Aires"]
[Date "1997.05.24"]
[Round "5"]
[White "Wolff, Patrick G"]
[Black "Spangenberg, Hugo"]
[Result "1-0"]
[WhiteElo "2575"]
[BlackElo "2550"]
[Annotator "Horn,Pe"]
[PlyCount "109"]
[EventDate "1997.05.19"]
[EventType "tourn"]
[EventRounds "9"]
[EventCountry "ARG"]
[EventCategory "13"]
[SourceTitle "CBM 060"]
[Source "ChessBase"]
[SourceDate "1997.09.29"]
[SourceVersion "1"]
[SourceVersionDate "1997.09.29"]
[SourceQuality "1"]

1. e4 c5 2. Nf3 e6 3. d3 d5 4. Nbd2 Nc6 5. g3 Bd6 6. Bg2 Nge7 7. O-O O-O 8. Nh4
b5 {[%cal Yc5c4]} 9. f4 f6 $146 {Das gehört (früher oder später) zum schwarzen
Konzept: er baut im Zentrum eine flexible Auffangstellung auf.} (9... c4 10. e5
Bc5+ 11. Kh1 Ba6 12. dxc4 bxc4 13. c3 $14 Qb6 14. Qh5 g6 15. Qg5 Rad8 16. Ndf3
Nf5 17. Nxf5 exf5 18. Qh6 Be7 19. Re1 Bc8 20. Be3 $1 $40 {Nevednichy-Saltaev/
Tiraspol/1994}) 10. Kh1 {Nützliche Vorsorge, da Schwarz die Diagonale a7-g1
bestzen möchte.} c4 11. Ndf3 (11. dxc4 dxc4 (11... bxc4 12. exd5 exd5 13. c3
$14) 12. a4) 11... dxe4 12. dxe4 e5 {[%csl Rd5,Rf5] Schwächt ein wenig die
weißen Felder; notwendig war das nicht.} (12... Bb7 13. Bh3 $140 $6 Qd7) (12...
Bc5 13. e5) 13. a4 b4 14. Nf5 Bc5 $2 (14... Bxf5 15. exf5 exf4 16. Nd4 $1 Nxd4
17. Qxd4 Rc8 (17... fxg3 18. Rd1 $16) 18. Bxf4 Bxf4 19. Qxf4 $14 {[%csl Re7,
Gg2] Der Bg2 sollte hier dem Ne7 überlegen sein, da dieser den Weg nach e5 nur
schwer finden wird.}) 15. Nxe7+ Bxe7 (15... Nxe7 16. Qxd8 Rxd8 17. fxe5 $16)
16. Qd5+ $1 Qxd5 17. exd5 Na5 18. Nxe5 $1 (18. fxe5 fxe5 19. Nxe5 Rxf1+ 20.
Bxf1 Bb7 21. Bg2 Rd8 $11 {[%csl Rd5]}) 18... Bf5 (18... fxe5 19. d6 $18) 19. d6
Bxd6 20. Bd5+ Kh8 21. Bxa8 fxe5 22. fxe5 Bxc2 (22... Bxe5 23. Bg2 $18) 23. Bg5
$18 Rxa8 24. exd6 h6 25. Be7 Nc6 26. Rae1 Bxa4 27. Rf4 Bb5 28. d7 Kh7 29. d8=Q
Rxd8 (29... Nxd8 30. Rf8 $18) 30. Bxd8 Nxd8 31. Re5 a6 32. Kg1 c3 33. Rxb4 Nc6
34. Rbxb5 axb5 35. Rc5 cxb2 36. Rxb5 Ne5 37. Rxb2 Kg6 38. Kg2 Kf5 39. Rf2+ Kg4
40. h3+ Kg5 41. g4 Kg6 42. Kg3 Nd7 43. Rd2 Nf8 44. Kf4 Ne6+ 45. Ke5 Ng5 46.
Rd6+ Kh7 47. Rd3 Kg6 48. h4 Nh7 49. Rd7 Nf6 50. Rd6 Kf7 51. Kf5 g6+ 52. Kf4 Ke7
53. Ra6 Kf7 54. Ra7+ Ke6 55. g5 1-0

[Event "Rubinstein Memorial"]
[Site "Polanica Zdroj"]
[Date "1991.??.??"]
[Round "4"]
[White "Dolmatov, Sergey"]
[Black "Lautier, Joel"]
[Result "1-0"]
[WhiteElo "2605"]
[BlackElo "2560"]
[Annotator "Horn,Pe"]
[PlyCount "91"]
[EventDate "1991.09.??"]
[EventType "tourn"]
[EventRounds "11"]
[EventCountry "POL"]
[EventCategory "11"]
[SourceTitle "CBM 026"]
[Source "ChessBase"]
[SourceDate "1992.02.01"]
[SourceVersion "1"]
[SourceVersionDate "1992.02.01"]
[SourceQuality "1"]

1. e4 c5 2. Nf3 e6 3. d3 Nc6 4. g3 d5 5. Nbd2 Bd6 6. Bg2 Nge7 7. O-O O-O 8. Nh4
b6 9. f4 dxe4 $6 10. dxe4 Ba6 11. Re1 Bc7 (11... c4 $2 12. c3 $16 {
Fischer-Ivkov, Santa Monica 1966}) 12. c3 (12. e5 Qd7 13. Kh1 (13. Qh5 Qd4+ 14.
Kh1 Qf2 15. Nhf3 Nd4 16. Ne4 Qxc2 17. Nxd4 cxd4 18. Ng5 Qg6 19. Qxg6 hxg6 20.
Bxa8 Rxa8 $13 {Minic}) 13... Rad8 14. Qh5 Nf5 15. Ne4 Ncd4 16. g4 Nxh4 17. Qxh4
f6 $1 $13 {Minic-Sax, Vinkovci 1976}) 12... Bd3 {N} (12... Qd7 13. e5 Rad8 14.
Qh5 f5 15. exf6 Rxf6 16. Ne4 Rh6 17. Qxh6 gxh6 18. Nf6+ Kf7 19. Nxd7 Rxd7 20.
f5 $18 {Lerner-Dolmatov, URS-ch 1985}) 13. e5 Qd7 (13... b5 $5 {/\ c4,Bb6,Nd5
Dolmatov}) 14. Ne4 Rad8 15. Qg4 {/\ Nf6} Bxe4 $2 (15... Kh8 $5 {Dolmatov} 16.
Rd1 $36) 16. Bxe4 $16 {Für das weiße Übergewicht im Zentrum (e5) und am
K-Flügel besitzt Schwarz nur die d-Linie. Er kann wegen fehlender
Einbruchsfelder aber daraus keinen Nutzen ziehen.} Ng6 17. Nf3 {/\ Ng5,Qh5}
Nce7 (17... f5 18. exf6 Rxf6 19. Ng5 (19. Ne5 $6 Bxe5 20. fxe5 (20. Bxc6 Qxc6
21. fxe5 Rf7) 20... Ncxe5) 19... Nf8 $16) 18. Bc2 {/\ Ng5-e4} (18. h4 $6 Nf5
19. h5 Nge7 {/\ Qa4<=> Dolmatov}) 18... Nf5 19. Ng5 Rfe8 (19... h6 20. Nxe6
Nxe5 (20... fxe6 21. Qxg6 $18) (20... Qxe6 21. Bxf5 $18) 21. Nxf8 $1 $18 Nxg4
22. Nxd7) (19... f6 20. Nxe6 $18) 20. Qh5 Nh6 (20... h6 21. Nxe6 $1 (21. Bxf5
$2 exf5 22. e6 fxe6 23. Qxg6 hxg5 24. Qxg5 $17) (21. Ne4) 21... Nxe5 (21...
Qxe6 22. Bxf5 $18) (21... fxe6 22. Qxg6 $18) 22. Qxf5 g6 (22... Ng6 23. Nxd8
Rxe1+ 24. Kf2 Qe8 25. Qxf7+ Qxf7 26. Nxf7 $18) 23. Qe4 Rxe6 24. fxe5 Rxe5 25.
Qxe5 Bxe5 26. Rxe5 Re8 27. Rxe8+ Qxe8 28. Kf2 $1 $16 {Dolmatov}) (20... Nf8 $6
21. g4 Nh6 (21... g6 22. Qh3 Ng7 23. Ne4 $18) 22. Ne4 {/\ Nf6} Qe7 (22... Qc6
23. Nf6+ gxf6 24. Qxh6 fxe5 (24... Qf3 25. exf6 Qxg4+ 26. Kf2 $18) 25. f5 $18)
23. g5 Nf5 24. Nf6+ gxf6 25. gxf6 Qd7 26. Bxf5 exf5 27. Qh6 $18) 21. h4 b5 22.
Kh2 b4 23. Qe2 Nf5 24. h5 Nf8 25. Ne4 Qc6 26. g4 Ne7 27. h6 Nd7 28. hxg7 Kxg7
29. Kg3 $18 Ng6 30. Be3 $2 (30. g5 {/\ Be3+- Dolmatov}) 30... bxc3 31. bxc3
Ndxe5 $1 32. fxe5 Bxe5+ 33. Kh3 $1 $8 (33. Kf3 f5) (33. Kg2 f5) (33. Kf2 f5)
33... f5 34. Ng3 Kh8 35. Nh5 Bxc3 $6 (35... Rg8 $5 $16 {Dolmatov} 36. gxf5 exf5
37. Bxf5 Bxc3) 36. Bg5 Rb8 37. Rab1 Bxe1 38. Rxe1 c4 (38... Rb4 39. gxf5 $18)
39. Bf6+ Kg8 40. Bc3 Kf7 41. Rf1 Qc5 42. Qd2 {/\ Qh6} Qe7 43. Bxf5 Qh4+ (43...
exf5 44. Rxf5+ Kg8 45. Nf6+ $18) 44. Kg2 Rbd8 45. Bxe6+ Ke7 46. Bb4+ 1-0

[Event "NED-ch52"]
[Site "Rotterdam"]
[Date "1997.06.29"]
[Round "7"]
[White "Van den Doel, Erik"]
[Black "Sosonko, Gennadi"]
[Result "0-1"]
[WhiteElo "2430"]
[BlackElo "2515"]
[Annotator "Horn,Pe"]
[PlyCount "60"]
[EventDate "1997.06.21"]
[EventType "tourn"]
[EventRounds "11"]
[EventCountry "NED"]
[EventCategory "12"]
[SourceTitle "CBM 060"]
[Source "ChessBase"]
[SourceDate "1997.09.29"]
[SourceVersion "1"]
[SourceVersionDate "1997.09.29"]
[SourceQuality "1"]

1. Nf3 c5 2. g3 d5 3. Bg2 Nc6 4. O-O e5 5. d3 Be7 6. e4 Nf6 7. Nc3 {eine
seltene Wahl in dieser Stellung.} (7. Nbd2) 7... d4 8. Ne2 Nd7 {[%cal Yh7h5,
Yg7g5] Damit bereitet Sosonko ein Vorgehen am Königsflügel vor. Er will jetzt
aus der Not (der fehlenden Rochade) eine Tugend machen. Es ist aus diversen
Königsindischen Abspielen bekannt, daß dieser Plan dem Anhänger der
Königsindischen Verteidigung so seine Probleme bereiten kann. Hier gewinnt der
Plan durch den ungünstig plazierten Ne2 an Kraft.} (8... h5 9. c4 Nh7 10. h4
Nf8 11. Nh2 Ng6 12. Kh1 Be6 13. a3 Qd7 14. b4 cxb4 15. axb4 Bxb4 16. Ba3 a5 17.
Bxb4 Nxb4 18. Qd2 $13 {Mowsziszian,K-Schlosser,P/BL/1995}) (8... O-O {wäre
eine Hauptvariante der Königsindischen Verteidigung mit vertauschten Farben
und demzufolge vertauschtem Anzugsvorteil.}) 9. Nd2 $146 {[%cal Yf2f4] Pf4 ist
grundsätzlich das von Weiß gewünschte Sprengen der Bauernkette. Beim Timing
muß man beachten, daß der sich vom Königsflügel entfernende N das sich
andeutende Vorgehen Ph7-h5-h4 noch ermutigt. Am Damenflügel gibt es 2
prinzipielle Möglichkeiten: entweder man greift die Bauernkette mit c3 an oder
mit Pc4 und dann später Pb4.} (9. c4 h5 10. Ne1 h4 11. f4 hxg3 12. Nxg3 g6 13.
f5 Nf8 14. Nf3 g5 15. h3 f6 16. Kf2 a6 17. Rh1 b5 18. h4 $11 {
Hamdouchi-Kortschnoj/WchT Luzern/1989}) (9. c3 {Für diesen Plan ist der Ne2
unglücklich plaziert.}) 9... h5 {Die erwartete Kampfansage.} 10. f4 h4 11. Nf3
(11. Nc4 b5 12. Nxe5 Ndxe5 13. fxe5 h3 14. Bh1 Bg4 {[%cal Yc6e5]}) (11. gxh4 {
kommt mir nicht unlogisch vor: der Ne2 bekommt wieder Aussichten, ins Spiel
einzugreifen (g3/f4). Demgegenüber hat Schwarz Spiel in der h-Linie (Ph2) und 
(bei einem Abtausch e5xf4 oder f4xe5) auf der Diagonale h2-b8. Momentan ist
Schwarz noch nicht so gut entwickelt, so daß man vielleicht mit verteiltem
Spiel rechnen kann.}) 11... h3 12. Bh1 Nf6 13. Nd2 $2 {Diese Hin- und
Herzieherei darf man sich gegen einen Spieler der Klasse Sosonkos nicht
erlauben.} (13. Nxe5 Nxe5 14. fxe5 Ng4 15. e6 Bxe6 16. Nf4 Bd7 $15) (13. fxe5
Ng4 14. Bf4 g5 15. Bd2 Ncxe5 $17) (13. c3 $142 Ng4 14. fxe5 Ngxe5 (14... Qb6
15. Nf4 {[%cal Yf4d5]}) (14... dxc3 15. bxc3 Ngxe5 16. d4) 15. Nxe5 Nxe5 16.
cxd4 cxd4 17. Nf4 Bg4 $15) 13... Ng4 14. Nb1 g5 $17 15. Bf3 (15. f5 {Das hätte
die Partie wahrscheinlich verlängert, aber kaum gerettet.} c4 16. Bf3 cxd3 (
16... Nh6 17. dxc4 Bc5) 17. Bxg4 dxc2 18. Qxc2 d3 $17) 15... gxf4 16. gxf4 Rg8
17. Ng3 (17. Kh1 Bh4 18. Bxg4 Bxg4 $40) 17... Bh4 18. Bxg4 Bxg4 19. Qe1 Qd7 20.
a3 O-O-O 21. b4 c4 22. Nd2 (22. dxc4 d3 $19) (22. b5 Ne7 23. fxe5 Ng6 24. Bf4
Qxb5 $19) 22... exf4 23. Rxf4 Ne5 24. Nxc4 Bxg3 25. hxg3 Nf3+ 26. Rxf3 h2+ $1 (
26... Bxf3 27. Kh2 $16 {[%cal Gc4e5,Gc1f4]}) 27. Kf2 (27. Kxh2 Bxf3 $19 28. Ne5
Rh8+ 29. Kg1 Rh1+ 30. Kf2 Qh3 $19) 27... Bxf3 28. Kxf3 Qg4+ 29. Kg2 h1=Q+ 30.
Kxh1 (30. Qxh1 Qe2+ $19) 30... Qh3+ 0-1

[Event "Ciocaltea Memorial"]
[Site "Bucharest"]
[Date "1995.??.??"]
[Round "8"]
[White "Itkis, Boris"]
[Black "Ionescu, Constantin"]
[Result "1-0"]
[WhiteElo "2410"]
[BlackElo "2535"]
[Annotator "Horn,Pe"]
[PlyCount "67"]
[EventDate "1995.02.??"]
[EventType "tourn"]
[EventRounds "11"]
[EventCountry "ROU"]
[EventCategory "10"]
[SourceTitle "CBM 048"]
[Source "ChessBase"]
[SourceDate "1995.10.01"]
[SourceVersion "1"]
[SourceVersionDate "1995.10.01"]
[SourceQuality "1"]

1. g3 c5 2. Bg2 d5 3. Nf3 Nc6 4. O-O e5 5. d3 f6 6. c4 d4 {Now we have reached
a Benoni position with colours reversed.} (6... Nge7 7. cxd5 Nxd5 8. Nc3 Be6 9.
Bd2 Qd7 10. a3 Be7 11. Nxd5 Bxd5 12. Qa4 $10 {D'Amore,C-Magem Badals,J/Andorra
zt/1987}) 7. e3 {Capablanca's choice} (7. Nbd2 Be6 (7... Bg4 8. a3 Qd7 9. Ne4
$6 f5 10. Ned2 Nf6 11. h3 Bh5 12. Qc2 $6 Bd6 13. Rd1 $2 O-O 14. Rb1 a5 $17 {
Nadenau,O-Keller,M/corr/1975}) 8. Ne4 Bd6 9. a3 a5 10. Qa4 Nge7 11. Nxd6+ Qxd6
12. b4 cxb4 13. axb4 Qxb4 14. Qa2 Qd6 15. Ba3 $44 {Weindl,A-Bartelborth,T/
BL8788/1987}) (7. Na3 Be6 8. Nc2 (8. Nc2) 8... Qd7 9. a3 Bh3 10. Rb1 a5 11.
Bxh3 Qxh3 12. b4 axb4 13. axb4 cxb4 14. Bd2 Nh6 (14... h5 15. Bxb4 Nxb4 16.
Nxb4) 15. Bxh6 Qxh6 16. e3 dxe3 17. Nxe3 Bc5 18. d4 {Spasov,V-Velickovic,S/
Pamporovo/1981} (18. Nd5 $44)) 7... Bg4 (7... Bd6 8. exd4 (8. Nbd2 Nge7 9. Ne4
Bf5 10. Nxd6+ Qxd6 11. exd4 exd4 12. Nh4 Be6 13. Qh5+ Bf7 14. Qg4 g6 15. Re1
Ne5 16. Qd1 O-O-O 17. Bf4 N7c6 18. Bxc6 Qxc6 19. Bxe5 fxe5 20. Nf3 $16 {
Capablanca,J-Sergeant,E/Margate/1936}) 8... cxd4 9. Nbd2 Nge7 10. Ne4 Bc7 11.
a3 a5 12. Rb1 O-O 13. b4 axb4 14. axb4 f5 15. Ned2 Ng6 16. b5 Nb8 17. Qb3 Re8
18. h4 h6 19. h5 Nh8 20. Nh4 Ba5 21. Bd5+ Kh7 22. c5 $16 {Ginsburg-Wilder/
Toronto/1984}) 8. h3 Be6 9. exd4 cxd4 (9... exd4 $2 10. Re1 $16 {[%csl Re6]})
10. a3 a5 11. Re1 Bd6 $146 (11... Qd7 12. Nh2 Nge7 13. Nd2 Nf5 14. Ne4 Be7 15.
Nf3 g6 16. g4 Ng7 17. g5 O-O 18. gxf6 Bxf6 19. Nfg5 {1/2-1/2/Rashkovsky,
N-Serper,G/Kstovo op /1994}) 12. Nbd2 Nh6 $2 {On f7 the N seems well placed,
but ...} (12... Nge7) 13. Nb3 $1 {[%csl Rd4,Rh6] ... he doesn't get there.} Be7
(13... Nf7 $2 14. Nbxd4) (13... Qd7 14. Bxh6 gxh6 15. Nh4 O-O 16. Qh5 $16 {
[%csl Gd5,Ge4,Gf5,Rh6]}) 14. Bxh6 gxh6 15. Nh4 {[%cal Rd1h5]} Qb6 (15... O-O
16. Qh5 $16 (16. f4 $5)) 16. Bd5 Bd7 (16... Bxd5 17. cxd5 Nd8 18. Nf5 $18) (
16... Bxh3 17. c5 Bxc5 18. Qh5+ Kd8 19. Qxh6 Rf8 20. Qxh7 $18) 17. Qh5+ Kd8 18.
Nd2 Qxb2 (18... Kc7 19. Nf5 $16 (19. Rab1 $16)) (18... Bxh3 19. g4) 19. Ne4 Kc7
(19... Qc2 20. Qxh6 Qxd3 21. Red1 Qc2 22. Ng6 Re8 23. Nxe7 Rxe7 24. Qf8+ $18)
20. Reb1 Qc2 21. Qf7 Rae8 22. Qg7 Rhf8 (22... Kc8 23. Nf5 $5 (23. Rb5 $40) (23.
Nxf6 $4 Bxf6 24. Qxf6 Rhf8 $17) 23... Bxf5 24. Nd6+ Bxd6 25. Qxb7+ Kd8 26. Qxc6
$18) 23. Nc5 Bxc5 (23... Bc8 24. Nf5 $5 (24. Qxh7 $18) 24... Bxf5 25. Rxb7+ Kd6
(25... Kc8 26. Bxc6 $18) 26. Bxc6 Kxc6 27. Rxe7 $18) 24. Rxb7+ Kxb7 25. Qxd7+
Kb8 26. Qxc6 Qb2 27. Qxc5 $1 (27. Qa8+ Kc7 28. Qc6+ Kb8) 27... Qxa1+ 28. Kg2
Qb2 29. Qd6+ Kc8 30. Nf5 e4 31. Qc6+ Kb8 32. Qa8+ Kc7 33. Qa7+ Kd8 34. Bc6 1-0

[Event "Ciocaltea Memorial"]
[Site "Bucharest"]
[Date "1995.??.??"]
[Round "5"]
[White "Komliakov, Viktor"]
[Black "Dumitrache, Dragos Nicolae"]
[Result "1-0"]
[WhiteElo "2535"]
[BlackElo "2530"]
[Annotator "Horn,Pe"]
[PlyCount "101"]
[EventDate "1995.02.??"]
[EventType "tourn"]
[EventRounds "11"]
[EventCountry "ROU"]
[EventCategory "10"]
[SourceTitle "CBM 048"]
[Source "ChessBase"]
[SourceDate "1995.10.01"]
[SourceVersion "1"]
[SourceVersionDate "1995.10.01"]
[SourceQuality "1"]

1. e4 e6 2. d3 d5 3. Nd2 c5 4. Ngf3 Nc6 5. g3 Bd6 6. Bg2 Nge7 7. O-O O-O 8. Re1
Qc7 9. Qe2 f6 10. a3 Bd7 11. c3 a5 $6 (11... Rae8 12. b4 b6 13. d4 cxd4 14.
cxd4 dxe4 15. Nxe4 Nd5 16. Bb2 Qb8 17. Nfd2 Nd8 $2 18. Nxd6 Qxd6 19. b5 Bc8 20.
a4 Qd7 21. Ba3 $16 {Fischer-di Camillo/East Orange 1957}) (11... Rac8 12. Nb3
$6 (12. b4 b5 $10 {Lautier} 13. exd5 exd5 14. bxc5 Bxc5 15. c4 $14) 12... Qb6
13. Nbd2 Kh8 14. Bh3 Qc7 15. b4 e5 16. Bxd7 Qxd7 17. b5 Nd8 18. c4 dxe4 $1 $15
(18... dxc4 19. Nxc4 Ne6 20. a4 $10) 19. Nxe4 (19. dxe4 Ne6 20. Bb2 Nd4 21.
Bxd4 cxd4 $15) 19... Ne6 20. Bb2 Bc7 $2 (20... Ng6 $1 $17 {/\ Bc7, Rcd8, f5}
21. Rad1 $2 Nef4 $1 22. gxf4 Nxf4 23. Qe3 Qg4+ 24. Ng3 Qh3 $19) 21. Nh4 $13 {
Zapata-Lautier/Novi Sad olm/1990}) 12. a4 $5 {[%csl Gb5]} (12. d4 cxd4 13. Nxd4
Nxd4 14. cxd4 Qb6 15. Nf3 $6 (15. exd5 $10) 15... dxe4 16. Qxe4 Rac8 17. Bh3 f5
$15 {Maus,So-Ribli/BL 9091/1991}) 12... Rfe8 (12... Rae8 13. Nb1 dxe4 14. dxe4
e5 15. Na3 Na7 16. Rd1 Be6 17. Nd2 Nec8 18. Nac4 Rd8 19. Ne3 Nb6 20. Ndc4 Nxc4
21. Nxc4 Nc8 22. Bf3 Be7 23. Rxd8 Rxd8 24. Bg4 $14 {Lagrotteria-Kievelitz/
Forli op/1992}) 13. Nb1 {[%cal Yb1a3,Ya3b5]} Rab8 (13... Rad8 $5) 14. Na3 Na7
15. Bh3 $5 Ng6 16. d4 e5 $2 (16... cxd4 17. Nxd4 dxe4 (17... e5 $2 18. Bxd7
Qxd7 19. Ndb5 $16) (17... Bc5 $5) 18. Qxe4 Nf8 $14) 17. Bxd7 Qxd7 18. dxc5 Bxc5
19. Rd1 $1 {[%csl Rd5]} Qg4 (19... Qxa4 20. Rxd5 b6 21. b4 $1 $18) 20. Rxd5
Bxa3 21. Rxa3 Nh4 22. Nd4 Qh3 23. gxh4 exd4 24. cxd4 Qxh4 25. f3 $18 Nc6 26.
Be3 Kh8 27. Rc3 Rbd8 28. Qf2 (28. Bf2 $5 Qh3 29. Rxd8 Rxd8 30. Qb5 $18) 28...
Qh3 29. Rxd8 Rxd8 30. d5 Ne5 31. Bd4 (31. Bb6 $18) 31... Re8 32. b3 h6 33. Qg3
Qd7 34. h4 Kh7 35. Bb6 Rc8 36. Bd4 Nf7 37. Qg4 $2 (37. Kg2 $18) (37. Rc5 $18)
37... Qxg4+ 38. fxg4 Re8 $1 39. Rc7 $2 (39. Re3 $16) 39... Nd6 $2 (39... Rxe4
40. Bxf6 Rxg4+ 41. Kh2 gxf6 42. Rxf7+ Kg6 43. Rxb7 Rxh4+ 44. Kg3 Rd4 $10) 40.
Bxf6 Rg8 41. Be5 Nxe4 42. Rxb7 h5 43. gxh5 Kh6 44. d6 Kxh5 45. d7 Rd8 46. Bd4
Nf6 47. Bxf6 gxf6 48. Kf2 Kxh4 49. b4 axb4 50. Rxb4+ Kg5 51. Rb7 1-0

[Event "RUS-ch"]
[Site "Elista"]
[Date "1994.??.??"]
[Round "2"]
[White "Potapov, Alexander"]
[Black "Ionov, Sergey"]
[Result "1/2-1/2"]
[WhiteElo "2380"]
[BlackElo "2530"]
[Annotator "Horn,Pe"]
[PlyCount "111"]
[EventDate "1994.09.??"]
[EventType "swiss"]
[EventRounds "11"]
[EventCountry "RUS"]
[SourceTitle "CBM 044"]
[Source "ChessBase"]
[SourceDate "1995.02.01"]
[SourceVersion "1"]
[SourceVersionDate "1995.02.01"]
[SourceQuality "1"]

1. e4 c5 2. g3 d5 3. d3 Nc6 4. Nd2 e6 5. Ngf3 g6 6. Bg2 Bg7 7. O-O Nge7 8. Re1
b6 9. e5 Qc7 10. Qe2 h6 11. h4 Bb7 (11... a5 12. c3 (12. a4 Ba6 13. Nb1 c4 14.
d4 c3 15. Qd1 cxb2 16. Bxb2 b5 17. axb5 Bxb5 18. Nc3 Ba6 19. Na4 $14 {Xie
Jun-Ashlanian/Manila/1992}) 12... Ba6 (12... g5 13. hxg5 hxg5 14. Nxg5 Qxe5 $10
) 13. Nf1 O-O-O 14. N1h2 Rhe8 15. Bf4 Nf5 16. Qd2 Kb8 17. Ng4 $14 {Weinzettl-T.
Horvath/Mitropa-Cup/1991}) (11... g5 12. hxg5 hxg5 13. Nxg5 (13. Nb3 g4 14. Nh2
Qxe5 $10) 13... Qxe5 $10) 12. c3 (12. Nf1 O-O-O 13. c3 Kb8 14. a3 Na5 15. N1d2
c4 16. dxc4 dxc4 17. Rb1 Bd5 18. Ne4 Nb3 19. Bf4 $16 {Golovin-Gricenko/Voronez/
1991}) 12... a5 13. a4 Ba6 (13... g5 $5 14. hxg5 hxg5 15. Nxg5 Qxe5 $13) 14.
Nb1 {/\ Na3-b5} Qd7 (14... O-O $14) 15. Na3 Na7 16. Bf4 Nf5 (16... Qxa4 17. Nc4
Qc6 18. Nd6+ Kf8 19. b4 $44) 17. Qd2 Rd8 18. Nc2 Nc6 {Black has lost too much
time.} 19. d4 Qe7 (19... c4 20. Reb1 {/\ b3, ><b6}) 20. Reb1 O-O 21. b4 axb4
22. cxb4 cxb4 23. Nxb4 Nxb4 24. Rxb4 Rb8 25. Rab1 Bc4 (25... Qc7 26. g4 Ne7 27.
Bxh6 $18) 26. Rxb6 Rxb6 27. Rxb6 Ra8 28. a5 (28. Rb4 $2 Bf8) 28... Kh7 29. Qc3
Qd7 30. Nd2 (30. Bf1 Bxf1 31. Kxf1 Qa4 32. Rb7 $16) 30... Rc8 31. Qa1 Qa7 32.
Bf1 (32. Be3 $16) 32... Bxf1 33. Kxf1 Ra8 34. Nb3 Qxb6 35. axb6 Rxa1+ 36. Nxa1
Nxd4 37. Nb3 Nc6 (37... Nxb3 38. b7 $18) 38. b7 g5 39. Na5 Nb8 40. hxg5 hxg5
41. Be3 $2 (41. Bxg5 Bxe5 42. Bd8 Kg8 (42... Bd4 43. Bc7 Ba7 44. Bxb8 Bxb8 45.
Nc6) (42... Na6 43. Nc6 Bd6 44. Bb6) 43. Bb6 Kf8 44. Ba7 Ke8 45. Bxb8 Bxb8 46.
Nc6 Bc7 47. b8=Q+ $18) 41... Bxe5 42. Ba7 g4 43. Bxb8 Bxb8 44. Nc6 Bd6 45. b8=Q
Bxb8 46. Nxb8 Kg6 47. Ke2 Kf5 48. Kd3 e5 49. Na6 Ke6 50. Kc3 Kd6 51. Nb4 f5 52.
Nd3 Ke6 53. Kb4 Kd6 54. Kc3 Ke6 55. Nc5+ Kd6 56. Nd3 1/2-1/2